000
00255nam a2200109Ia 4500
008
190911s9999||||xx |||||||||||||| ||und||
100
_a
Sattareh Farman
245
0
_a
Daughter of Persia
260
_a
Australia
_b
Pearson
_c
2008
300
_a
160
942
_c
BK
999
_c
6981
_d
6981